The new context for international relations : (Record no. 2234)

000 -LEADER
fixed length control field nam a22 7a 4500
005 - DATE AND TIME OF LATEST TRANSACTION
control field 20170515160552.0
008 - FIXED-LENGTH DATA ELEMENTS--GENERAL INFORMATION
fixed length control field 170515b1978 xxu||||| |||| 00| 0 eng d
020 ## - INTERNATIONAL STANDARD BOOK NUMBER
International Standard Book Number 0878721657
040 ## - CATALOGING SOURCE
Original cataloging agency AKMAL
082 ## - DEWEY DECIMAL CLASSIFICATION NUMBER
Classification number 382.1 DIR
090 ## - LOCALLY ASSIGNED LC-TYPE CALL NUMBER (OCLC); LOCAL CALL NUMBER (RLIN)
Classification number (OCLC) (R) ; Classification number, CALL (RLIN) (NR) 382.1
Local cutter number (OCLC) ; Book number/undivided call number, CALL (RLIN) DIR
100 1# - MAIN ENTRY--PERSONAL NAME
Personal name Pirages, Dennis
9 (RLIN) 4695
245 14 - TITLE STATEMENT
Title The new context for international relations :
Remainder of title global ecopolitics /
Statement of responsibility, etc. Dennis Pirages
260 0# - PUBLICATION, DISTRIBUTION, ETC.
Place of publication, distribution, etc. North Scituate, Mass. :
Name of publisher, distributor, etc. Duxbury Press,
Date of publication, distribution, etc. c1978
300 ## - PHYSICAL DESCRIPTION
Extent x, 283 p. :
Other physical details ill. ;
Dimensions 24cm
490 0# - SERIES STATEMENT
Series statement Duxbury Press series in international studies
504 ## - BIBLIOGRAPHY, ETC. NOTE
Bibliography, etc. note Includes bibliographies and index.
650 #0 - SUBJECT ADDED ENTRY--TOPICAL TERM
Topical term or geographic name entry element International economic relations.
9 (RLIN) 79
650 #0 - SUBJECT ADDED ENTRY--TOPICAL TERM
Topical term or geographic name entry element Environmental policy.
9 (RLIN) 4696
650 #0 - SUBJECT ADDED ENTRY--TOPICAL TERM
Topical term or geographic name entry element International relations.
9 (RLIN) 282
942 ## - ADDED ENTRY ELEMENTS (KOHA)
Source of classification or shelving scheme
Koha item type Book
Holdings
Withdrawn status Lost status Source of classification or shelving scheme Damaged status Not for loan Collection code Home library Current library Shelving location Date acquired Inventory number Total Checkouts Full call number Barcode Date last seen Price effective from Koha item type
          NON-FICTION AKMAL Melaka AKMAL Melaka PINJAMAN 15.05.2017 301916   382.1 DIR 201706549 15.05.2017 15.05.2017 Book
Pusat Sumber Maklumat Dato' Haji Sarmin Md Hussin, Akademi Kastam Diraja Malaysia, Melaka
Tel: 06-2331106 | Faks: 06-2313787